[Event "Kölner SK Dr. Lasker 1 - SF Lieme 1"]
[Site "NRW-Liga - Gruppe 1 2021/2022"]
[Date "2022.05.29"]
[Round "6.3"]
[White "Himpenmacher, Andy"]
[Black "Nagel, Bernhard"]
[Result "0-1"]
[WhiteElo "2128"]
[BlackElo "2142"]
[PlyCount "110"]
[EventDate "2022.??.??"]
[SourceVersionDate "2020.03.16"]
[WhiteTeam "SF Lieme 1"]
[BlackTeam "Kölner SK Dr. Lasker 1"]

1. Nf3 Nf6 2. b3 d5 3. Bb2 c6 4. e3 Bg4 5. h3 Bxf3 6. Qxf3 Nbd7 7. g4 e5 8. Nc3
Bd6 9. g5 Ng8 10. Qg2 Ne7 11. h4 Qa5 12. a4 O-O-O 13. O-O-O Kb8 14. Ne2 Rc8 15.
f4 f6 16. fxe5 fxe5 17. Qg4 Rcd8 18. Bh3 h5 19. gxh6 gxh6 20. Rdf1 h5 21. Qe6
Nc5 22. Qf7 Ne4 23. Bc3 Nxc3 24. Nxc3 Ba3+ 25. Kb1 d4 26. exd4 exd4 27. Ne4 Nd5
28. Qg7 Rhe8 29. Qxd4 Nb6 30. Qc3 Qxc3 31. Nxc3 Rxd2 32. Rf7 Re3 33. Na2 Rxh3
34. Rxh3 Rd1+ 35. Nc1 Rxc1+ 36. Ka2 Bc5 37. Kb2 Rg1 38. Rd3 a5 39. Rf5 Nd5 40.
Rxh5 Be7 41. Rh8+ Ka7 42. Rh5 Bf6+ 43. c3 Rg2+ 44. Kc1 Nf4 45. Rf3 Nxh5 46. Rf5
Bxc3 47. Rxh5 Rh2 48. Rh7 Kb6 49. h5 Bb4 50. Kb1 Kc5 51. Rxb7 Rxh5 52. Rg7 Rh1+
53. Kc2 Rh2+ 54. Kc1 Bc3 55. Rg4 Bd4 0-1

[Event "Kölner SK Dr. Lasker 1 - SF Lieme 1"]
[Site "NRW-Liga - Gruppe 1 2021/2022"]
[Date "2022.05.29"]
[Round "6.4"]
[White "Pawelzik, Malte"]
[Black "Bentel, Robin"]
[Result "0-1"]
[WhiteElo "2152"]
[BlackElo "2232"]
[PlyCount "50"]
[EventDate "2022.??.??"]
[SourceVersionDate "2020.03.16"]
[WhiteTeam "Kölner SK Dr. Lasker 1"]
[BlackTeam "SF Lieme 1"]

1. e4 c5 2. Nf3 d6 3. d4 cxd4 4. Nxd4 Nf6 5. Nc3 a6 6. Bg5 e6 7. f4 Be7 8. Qf3
Qc7 9. O-O-O Nbd7 10. g4 h6 11. Bxf6 Bxf6 12. h4 Nb6 13. g5 Bxd4 14. Rxd4 Qc5
15. Rd2 Bd7 16. Rh3 O-O-O 17. Kb1 Bc6 18. Qd1 Kb8 19. a3 d5 20. exd5 Nxd5 21.
Nxd5 Rxd5 22. Rxd5 Bxd5 23. Bd3 Qd4 24. Qd2 Qg1+ 25. Qc1 Ba2+ 0-1

[Event "Kölner SK Dr. Lasker 1 - SF Lieme 1"]
[Site "NRW-Liga - Gruppe 1 2021/2022"]
[Date "2022.05.29"]
[Round "6.5"]
[White "Wolf, Andre"]
[Black "Pfeffer, Ruprecht"]
[Result "0-1"]
[WhiteElo "2087"]
[BlackElo "2215"]
[PlyCount "70"]
[EventDate "2022.??.??"]
[SourceVersionDate "2020.03.16"]
[WhiteTeam "SF Lieme 1"]
[BlackTeam "Kölner SK Dr. Lasker 1"]

1. e4 c5 2. Nf3 e6 3. d3 Nc6 4. g3 d6 5. Bg2 g6 6. O-O Bg7 7. c3 Nge7 8. h4 h6
9. Be3 O-O 10. Qc1 Kh7 11. Rd1 e5 12. d4 cxd4 13. cxd4 Bg4 14. d5 Nd4 15. Nxd4
exd4 16. Rxd4 Bxd4 17. Bxd4 Qd7 18. Nc3 b5 19. Qf4 f5 20. e5 b4 21. Nd1 Bxd1
22. Rxd1 g5 23. Qe3 dxe5 24. Qxe5 Ng6 25. Qe1 gxh4 26. f4 hxg3 27. Qxg3 Rg8 28.
Qf2 Qd6 29. Rf1 Rae8 30. Bc5 Qf6 31. Kh2 Nh4 32. Bh1 Rg4 33. d6 Ng6 34. d7 Rg8
35. Bd5 Rg7 0-1

[Event "Kölner SK Dr. Lasker 1 - SF Lieme 1"]
[Site "NRW-Liga - Gruppe 1 2021/2022"]
[Date "2022.05.29"]
[Round "6.6"]
[White "Cramer, Volker"]
[Black "Krallmann, Matthias"]
[Result "0-1"]
[WhiteElo "2082"]
[BlackElo "2120"]
[PlyCount "90"]
[EventDate "2022.??.??"]
[SourceVersionDate "2020.03.16"]
[WhiteTeam "Kölner SK Dr. Lasker 1"]
[BlackTeam "SF Lieme 1"]

1. d4 d5 2. Nf3 Nf6 3. g3 g6 4. Bg2 Bg7 5. O-O O-O 6. b3 c5 7. Bb2 cxd4 8. Bxd4
Nc6 9. Bb2 Bf5 10. Nbd2 Qd6 11. c4 d4 12. a3 a5 13. h3 e5 14. Ng5 Qe7 15. Nge4
Nd7 16. Kh2 Be6 17. f3 f5 18. Nf2 Nc5 19. Qc2 Rfd8 20. Rfe1 Bh6 21. Nf1 Rac8
22. Bc1 Bg7 23. Rb1 Na6 24. Qd3 Bf7 25. e4 dxe3 26. Qxe3 Nd4 27. Rd1 Qc7 28.
Bb2 Nc5 29. b4 Na4 30. Bxd4 exd4 31. Qb3 Nc3 32. bxa5 Nxd1 33. Nxd1 Bxc4 34.
Qb6 Qxb6 35. axb6 Bxf1 36. Bxf1 Rc2+ 37. Kg1 d3 38. Rb3 d2 39. Be2 Bd4+ 40. Kf1
Rc1 41. f4 Kf8 42. a4 Ra1 43. Rb4 Rd6 44. Bf3 Bxb6 45. Ke2 Re6+ 0-1

[Event "Kölner SK Dr. Lasker 1 - SF Lieme 1"]
[Site "NRW-Liga - Gruppe 1 2021/2022"]
[Date "2022.05.29"]
[Round "6.7"]
[White "Schaffarczyk, Andre"]
[Black "Wiekert, Martin"]
[Result "0-1"]
[WhiteElo "2105"]
[BlackElo "2289"]
[PlyCount "80"]
[EventDate "2022.??.??"]
[SourceVersionDate "2020.03.16"]
[WhiteTeam "SF Lieme 1"]
[BlackTeam "Kölner SK Dr. Lasker 1"]

1. e4 d6 2. d4 Nf6 3. Nc3 e5 4. Nf3 Nbd7 5. Bc4 Be7 6. O-O O-O 7. Re1 c6 8. a4
a5 9. b3 h6 10. Bb2 Re8 11. Bd3 Qc7 12. Qd2 Nf8 13. h3 Ng6 14. Rad1 Bd7 15. Bf1
Rad8 16. Ba3 Bc8 17. Qc1 Nh7 18. Bb2 Ng5 19. Nxg5 Bxg5 20. Qa1 h5 21. Ne2 h4
22. Kh1 Qb6 23. Ng1 Bf6 24. Nf3 exd4 25. Bxd4 Bxd4 26. Qxd4 Qc7 27. Kg1 Be6 28.
Ng5 Qe7 29. Nxe6 Qxe6 30. Qb6 Nf4 31. Qxa5 Qg6 32. Qf5 Qh6 33. Bc4 Re5 34.
Qxf7+ Kh7 35. Bf1 Rde8 36. Qxb7 Qg6 37. Qxc6 Nxh3+ 38. Kh2 Nxf2 39. Qxd6 Qg3+
40. Kg1 h3 0-1

[Event "Kölner SK Dr. Lasker 1 - SF Lieme 1"]
[Site "NRW-Liga - Gruppe 1 2021/2022"]
[Date "2022.05.29"]
[Round "6.8"]
[White "Loseries, Uwe"]
[Black "Erofeev, Anastasia"]
[Result "1/2-1/2"]
[WhiteElo "2125"]
[BlackElo "2013"]
[PlyCount "79"]
[EventDate "2022.??.??"]
[SourceVersionDate "2020.03.16"]
[WhiteTeam "Kölner SK Dr. Lasker 1"]
[BlackTeam "SF Lieme 1"]

1. d4 d5 2. c4 dxc4 3. Nf3 Nf6 4. e3 a6 5. Bxc4 b5 6. Be2 Bb7 7. O-O e6 8. Ne5
c5 9. Bf3 Qc7 10. Bxb7 Qxb7 11. dxc5 Bxc5 12. b3 Nbd7 13. Nxd7 Qxd7 14. Bb2
Qxd1 15. Rxd1 Ke7 16. Nd2 Rhd8 17. Nf3 Rac8 18. Rxd8 Rxd8 19. Kf1 Bd6 20. Rc1
Ne8 21. Rc6 Ra8 22. Ke2 Kd7 23. Rc2 f6 24. e4 e5 25. Nh4 g6 26. g3 Rc8 27. Rxc8
Kxc8 28. Ng2 Kd7 29. Ne3 Nc7 30. Bc3 Bc5 31. f4 exf4 32. gxf4 Ke6 33. f5+ Ke7
34. Ba5 Ne8 35. Kf3 Kd6 36. fxg6 hxg6 37. Be1 Ke6 38. Nd5 Bd6 39. h3 Nc7 40.
Nxc7+ 1/2-1/2

[Event "SG Bünde 1 - Kölner SK Dr. Lasker 1"]
[Site "NRW-Liga - Gruppe 1 2021/2022"]
[Date "2022.03.13"]
[Round "7.1"]
[White "Paris, Michael"]
[Black "Brunke, Pascal"]
[Result "1/2-1/2"]
[WhiteElo "2214"]
[BlackElo "2040"]
[PlyCount "57"]
[EventDate "2022.??.??"]
[SourceVersionDate "2020.03.16"]
[WhiteTeam "Kölner SK Dr. Lasker 1"]
[BlackTeam "SG Bünde 1"]

1. d4 e6 2. e4 d5 3. Bd3 c5 4. exd5 exd5 5. Nf3 Nf6 6. O-O c4 7. Be2 Be7 8. b3
cxb3 9. axb3 O-O 10. Ne5 Nc6 11. Kh1 Bf5 12. g4 Bg6 13. Bf4 Rc8 14. Nxc6 Rxc6
15. c4 a6 16. c5 Ne4 17. f3 Ng5 18. Nc3 Ne6 19. Be3 Nc7 20. b4 Bf6 21. Qd2 h6
22. Rad1 Re8 23. f4 Rce6 24. Bf2 Be4+ 25. Kg1 Bh4 26. Nxe4 Rxe4 27. Bd3 Bxf2+
28. Qxf2 Re3 29. f5 1/2-1/2

[Event "SG Bünde 1 - Kölner SK Dr. Lasker 1"]
[Site "NRW-Liga - Gruppe 1 2021/2022"]
[Date "2022.03.13"]
[Round "7.2"]
[White "Brunke, Christian"]
[Black "Lindam, Ingo"]
[Result "1-0"]
[WhiteElo "2107"]
[BlackElo "2153"]
[PlyCount "53"]
[EventDate "2022.??.??"]
[SourceVersionDate "2020.03.16"]
[WhiteTeam "SG Bünde 1"]
[BlackTeam "Kölner SK Dr. Lasker 1"]

1. e4 c5 2. c3 Nf6 3. e5 Nd5 4. Bc4 e6 5. Nf3 Be7 6. d4 cxd4 7. cxd4 d6 8. O-O
O-O 9. Qe2 b6 10. Bxd5 exd5 11. Rd1 Be6 12. Nc3 Nd7 13. Bf4 dxe5 14. dxe5 Nc5
15. Nd4 Qd7 16. Rd2 Rfd8 17. Rad1 Qb7 18. Ndb5 Qc6 19. Nd6 Bxd6 20. exd6 Re8
21. Qb5 Qxb5 22. Nxb5 Ne4 23. Rd4 g5 24. Be3 Red8 25. Nc7 Rac8 26. Nxd5 Rc2 27.
Rxe4 1-0

[Event "SG Bünde 1 - Kölner SK Dr. Lasker 1"]
[Site "NRW-Liga - Gruppe 1 2021/2022"]
[Date "2022.03.13"]
[Round "7.3"]
[White "Nagel, Bernhard"]
[Black "Fuhlrott, Tim"]
[Result "1-0"]
[WhiteElo "2142"]
[BlackElo "1996"]
[PlyCount "81"]
[EventDate "2022.??.??"]
[SourceVersionDate "2020.03.16"]
[WhiteTeam "Kölner SK Dr. Lasker 1"]
[BlackTeam "SG Bünde 1"]

1. Nf3 d5 2. e3 c5 3. b3 Nc6 4. Bb2 Bg4 5. h3 Bh5 6. Bb5 e6 7. g4 Bg6 8. Ne5
Nge7 9. h4 f6 10. Nxc6 Nxc6 11. h5 Bf7 12. Qf3 h6 13. Bxc6+ bxc6 14. d3 e5 15.
Nc3 Qd7 16. O-O-O Be6 17. Rhg1 Bd6 18. e4 d4 19. Na4 Qe7 20. Kb1 Rb8 21. Ka1 a5
22. Rb1 Qa7 23. Qe2 Ke7 24. Bc1 Rbg8 25. Bd2 g5 26. hxg6 Rxg6 27. f3 Rg7 28.
Rh1 Rgh7 29. Rh4 h5 30. Rbh1 Bf7 31. Qh2 Qc7 32. g5 Rg8 33. gxf6+ Kxf6 34. f4
Rhg7 35. fxe5+ Bxe5 36. Bf4 Rg4 37. Rxg4 hxg4 38. Qh4+ Ke6 39. Nxc5+ Kd6 40.
Bxe5+ Kxe5 41. Qg3+ 1-0

[Event "SG Bünde 1 - Kölner SK Dr. Lasker 1"]
[Site "NRW-Liga - Gruppe 1 2021/2022"]
[Date "2022.03.13"]
[Round "7.4"]
[White "Altenbernd, Jannis-Domenik"]
[Black "Pawelzik, Malte"]
[Result "1/2-1/2"]
[WhiteElo "1995"]
[BlackElo "2152"]
[PlyCount "100"]
[EventDate "2022.??.??"]
[SourceVersionDate "2020.03.16"]
[WhiteTeam "SG Bünde 1"]
[BlackTeam "Kölner SK Dr. Lasker 1"]

1. d4 Nf6 2. c4 g6 3. Nc3 d5 4. cxd5 Nxd5 5. e4 Nxc3 6. bxc3 Bg7 7. Bc4 c5 8.
Ne2 Nc6 9. Be3 O-O 10. h4 cxd4 11. cxd4 Qa5+ 12. Kf1 h5 13. Rc1 Qa3 14. Nf4 Rd8
15. Nxg6 Bg4 16. Qb3 Qxb3 17. Bxb3 Bxd4 18. Bxd4 Nxd4 19. Nxe7+ Kf8 20. Nd5
Rdc8 21. Rxc8+ Rxc8 22. Kg1 Nxb3 23. axb3 Be6 24. Kh2 Bxd5 25. exd5 Ke7 26. Rd1
Kd6 27. Kg3 Rg8+ 28. Kf3 Rg4 29. g3 Rb4 30. Rd3 a5 31. Ke3 b5 32. f3 f5 33. Kd2
a4 34. bxa4 Rxa4 35. Ke3 b4 36. Kf4 b3+ 37. Kg5 Rb4 38. Rd1 b2 39. Rb1 Kxd5 40.
Kxf5 Kd4 41. g4 Kc3 42. Kg5 hxg4 43. fxg4 Kc2 44. Rxb2+ Rxb2 45. h5 Kd3 46. h6
Ke4 47. h7 Rh2 48. Kg6 Kf4 49. g5 Rxh7 50. Kxh7 Kxg5 1/2-1/2

[Event "SG Bünde 1 - Kölner SK Dr. Lasker 1"]
[Site "NRW-Liga - Gruppe 1 2021/2022"]
[Date "2022.03.13"]
[Round "7.5"]
[White "Bussard, Christian"]
[Black "Moradi Kahlou, Benjamin"]
[Result "1-0"]
[WhiteElo "2223"]
[BlackElo "1955"]
[PlyCount "123"]
[EventDate "2022.??.??"]
[SourceVersionDate "2020.03.16"]
[WhiteTeam "Kölner SK Dr. Lasker 1"]
[BlackTeam "SG Bünde 1"]

1. d4 Nf6 2. Bg5 d5 3. Bxf6 exf6 4. e3 Bd6 5. c4 dxc4 6. Bxc4 f5 7. Nc3 Nd7 8.
Nge2 Nf6 9. Qb3 O-O 10. Nb5 Be7 11. O-O c6 12. Nbc3 Bd6 13. Rfd1 b5 14. Bd3 Qe7
15. Ng3 g6 16. Nf1 Re8 17. Qc2 Bb7 18. Be2 Rac8 19. Bf3 a6 20. Qb3 c5 21. dxc5
Bxc5 22. Bxb7 Qxb7 23. a4 Bf8 24. axb5 axb5 25. Ra5 b4 26. Nd5 Nxd5 27. Raxd5
Rc7 28. h3 Qc6 29. Rd8 Rxd8 30. Rxd8 Rd7 31. Rxd7 Qxd7 32. Qc2 Bg7 33. Nd2 Bf6
34. Nf3 Qd5 35. b3 Kg7 36. Kf1 Qb5+ 37. Qc4 Qa5 38. g3 h5 39. h4 Qa1+ 40. Kg2
Qa5 41. Ne1 Qa8+ 42. Kh2 Bc3 43. Nd3 Qf3 44. Kg1 Qe2 45. Kg2 Be1 46. Qd4+ Kg8
47. Qc4 Kg7 48. Qd4+ Kg8 49. Qd5 Kg7 50. Qc4 Kg8 51. Ne5 Qxc4 52. Nxc4 Kf8 53.
Kf1 Bc3 54. Nb6 Ke8 55. Nd5 Be5 56. Nxb4 Kd7 57. Ke2 Bd6 58. Nc2 Kc6 59. Kd3
Kd5 60. Nd4 f6 61. Ne2 g5 62. f4 1-0

[Event "SG Bünde 1 - Kölner SK Dr. Lasker 1"]
[Site "NRW-Liga - Gruppe 1 2021/2022"]
[Date "2022.03.13"]
[Round "7.6"]
[White "Hagemeier, Ulrich"]
[Black "Cramer, Volker"]
[Result "1/2-1/2"]
[WhiteElo "2004"]
[BlackElo "2082"]
[PlyCount "113"]
[EventDate "2022.??.??"]
[SourceVersionDate "2020.03.16"]
[WhiteTeam "SG Bünde 1"]
[BlackTeam "Kölner SK Dr. Lasker 1"]

1. d4 e6 2. c4 Bb4+ 3. Bd2 a5 4. g3 d6 5. Bg2 Qe7 6. Nf3 Nf6 7. O-O Bxd2 8.
Nfxd2 e5 9. e3 O-O 10. Nc3 c6 11. Rc1 Na6 12. h3 exd4 13. exd4 Be6 14. a3 Nc7
15. Re1 Qd7 16. Kh2 d5 17. Na4 dxc4 18. Nb6 Qxd4 19. Nxa8 Rxa8 20. Nxc4 Qxf2
21. Re2 Qc5 22. Nd6 Qb6 23. Qg1 Qa6 24. Bf1 Qa7 25. Qxa7 Rxa7 26. Bg2 Kf8 27.
Nc4 a4 28. Rd2 Ke7 29. Ne5 Ra5 30. Nf3 h6 31. Nd4 Bd5 32. Nf5+ Kf8 33. Nd6 Ra7
34. Nc4 Ne6 35. Ne3 Bxg2 36. Kxg2 Ra5 37. Rc4 Ke7 38. g4 g6 39. Rdc2 Re5 40.
Nf1 Ra5 41. Rb4 Ra7 42. Rcc4 b5 43. Rxc6 Rb7 44. Ne3 Kd7 45. Rc2 Kd6 46. Rd2+
Kc5 47. Rf2 Ne8 48. Rc2+ Kd6 49. Nc4+ Kd5 50. Rd2+ Kc5 51. Ne3 Nd6 52. Rc2+ Kb6
53. Nc4+ Nxc4 54. Rcxc4 Nc5 55. Rc2 Rd7 56. Rf4 Ne6 57. Rff2 1/2-1/2

[Event "SG Bünde 1 - Kölner SK Dr. Lasker 1"]
[Site "NRW-Liga - Gruppe 1 2021/2022"]
[Date "2022.03.13"]
[Round "7.7"]
[White "Loseries, Uwe"]
[Black "Gudath, Reiner"]
[Result "1/2-1/2"]
[WhiteElo "2125"]
[BlackElo "1855"]
[PlyCount "74"]
[EventDate "2022.??.??"]
[SourceVersionDate "2020.03.16"]
[WhiteTeam "Kölner SK Dr. Lasker 1"]
[BlackTeam "SG Bünde 1"]

1. d4 Nf6 2. c4 e6 3. Nf3 Bb4+ 4. Nbd2 b6 5. e3 Bb7 6. Bd3 d6 7. O-O Bxd2 8.
Bxd2 Nbd7 9. Bc3 Ne4 10. Bxe4 Bxe4 11. Qe2 O-O 12. b4 Qe7 13. Nd2 Bb7 14. Rfe1
Rfe8 15. Nf1 e5 16. d5 Rf8 17. e4 f5 18. exf5 Rxf5 19. Ng3 Rf7 20. Ne4 Raf8 21.
f3 h6 22. a4 Nf6 23. Ng3 Qd7 24. Bd2 Re8 25. Ne4 Nxe4 26. fxe4 Ref8 27. Be3 Bc8
28. a5 Qg4 29. Qxg4 Bxg4 30. axb6 axb6 31. c5 bxc5 32. bxc5 Bh5 33. Reb1 Be2
34. Re1 Bd3 35. cxd6 cxd6 36. Rad1 Bxe4 37. Bc5 Bxg2 1/2-1/2

[Event "SG Bünde 1 - Kölner SK Dr. Lasker 1"]
[Site "NRW-Liga - Gruppe 1 2021/2022"]
[Date "2022.03.13"]
[Round "7.8"]
[White "Schimmel, Luca"]
[Black "Rosenkraenzer, Torsten"]
[Result "0-1"]
[WhiteElo "1593"]
[BlackElo "2028"]
[PlyCount "62"]
[EventDate "2022.??.??"]
[SourceVersionDate "2020.03.16"]
[WhiteTeam "SG Bünde 1"]
[BlackTeam "Kölner SK Dr. Lasker 1"]

1. d4 d5 2. c4 e6 3. Nc3 Bb4 4. Bf4 Nf6 5. e3 O-O 6. a3 Bxc3+ 7. bxc3 c5 8. Qc2
Qa5 9. Bd6 Re8 10. Bxc5 Ne4 11. Bb4 Qc7 12. a4 a5 13. Ba3 e5 14. Bd3 exd4 15.
cxd4 Nf6 16. Ne2 Nc6 17. cxd5 Nxd5 18. Bxh7+ Kh8 19. Be4 Be6 20. O-O Qd8 21.
Rab1 Ndb4 22. Qc5 Qh4 23. Bxc6 bxc6 24. Bxb4 axb4 25. Rxb4 Qe4 26. Nf4 Bd5 27.
a5 Re6 28. Nxd5 cxd5 29. Rfb1 Rea6 30. Rb8+ Kh7 31. Qc8 Qxb1+ 0-1

[Event "Düsseldorfer SK 2 - SF Essen-Werden 1"]
[Site "NRW-Liga - Gruppe 1 2021/2022"]
[Date "2022.03.13"]
[Round "7.1"]
[White "Kaufeld, Juergen"]
[Black "Hainke, Guntram"]
[Result "1/2-1/2"]
[WhiteElo "2271"]
[BlackElo "2292"]
[PlyCount "43"]
[EventDate "2022.??.??"]
[SourceVersionDate "2020.03.16"]
[WhiteTeam "SF Essen-Werden 1"]
[BlackTeam "Düsseldorfer SK 2"]

1. d4 d5 2. Nf3 Nf6 3. c4 c6 4. Nc3 e6 5. g3 Nbd7 6. Bg2 Be7 7. O-O O-O 8. b3
b6 9. Bb2 Bb7 10. Qc2 Rc8 11. e4 dxe4 12. Ng5 Qc7 13. Ngxe4 Nxe4 14. Qxe4 Nf6
15. Qe2 Rfd8 16. Rad1 Rd7 17. Rd2 Rcd8 18. Rfd1 h6 19. Ne4 Nxe4 20. Qxe4 Bf6
21. h4 Qd6 22. Qc2 1/2-1/2

[Event "Düsseldorfer SK 2 - SF Essen-Werden 1"]
[Site "NRW-Liga - Gruppe 1 2021/2022"]
[Date "2022.03.13"]
[Round "7.2"]
[White "von Buenau, Heinrich"]
[Black "Roth, Markus"]
[Result "1/2-1/2"]
[WhiteElo "2129"]
[BlackElo "2170"]
[PlyCount "60"]
[EventDate "2022.??.??"]
[SourceVersionDate "2020.03.16"]
[WhiteTeam "Düsseldorfer SK 2"]
[BlackTeam "SF Essen-Werden 1"]

1. d4 e6 2. Nf3 Nf6 3. g3 d5 4. Bg2 Be7 5. O-O O-O 6. c4 dxc4 7. a4 Bd7 8. Ne5
Bc6 9. Nxc6 Nxc6 10. e3 Na5 11. Qe2 Nd5 12. Bd2 c6 13. Bxa5 Qxa5 14. Qxc4 Qb4
15. Qxb4 Bxb4 16. Rc1 a5 17. Nc3 Rfe8 18. Kf1 Rad8 19. Ke2 Nb6 20. b3 h6 21.
Rc2 e5 22. dxe5 Rxe5 23. Na2 Be7 24. Rd1 Rxd1 25. Kxd1 Nd7 26. Nc1 Nc5 27. Ke2
Kf8 28. Nd3 Nxd3 29. Kxd3 Re6 30. Rd2 Bb4 1/2-1/2

[Event "Düsseldorfer SK 2 - SF Essen-Werden 1"]
[Site "NRW-Liga - Gruppe 1 2021/2022"]
[Date "2022.03.13"]
[Round "7.3"]
[White "ter Steeg, Marcus"]
[Black "Mueller, Michael"]
[Result "1/2-1/2"]
[WhiteElo "1998"]
[BlackElo "2118"]
[PlyCount "42"]
[EventDate "2022.??.??"]
[SourceVersionDate "2020.03.16"]
[WhiteTeam "SF Essen-Werden 1"]
[BlackTeam "Düsseldorfer SK 2"]

1. d4 e6 2. c4 Bb4+ 3. Nd2 Nf6 4. Ngf3 c5 5. a3 Bxd2+ 6. Qxd2 cxd4 7. Nxd4 O-O
8. g3 d5 9. cxd5 Qxd5 10. Nf3 Nc6 11. Bg2 Ne4 12. Qxd5 exd5 13. Be3 Bg4 14. Nd4
Rfe8 15. Rd1 Nxd4 16. Rxd4 Rac8 17. Rxd5 Nf6 18. Rd2 Rc1+ 19. Rd1 Rc2 20. Rd2
Rc1+ 21. Rd1 Rc2 1/2-1/2

[Event "Düsseldorfer SK 2 - SF Essen-Werden 1"]
[Site "NRW-Liga - Gruppe 1 2021/2022"]
[Date "2022.03.13"]
[Round "7.4"]
[White "Berndt, Axel"]
[Black "Huette, Stefan"]
[Result "1/2-1/2"]
[WhiteElo "2082"]
[BlackElo "2008"]
[Annotator "daniel"]
[PlyCount "103"]
[EventDate "2022.??.??"]
[SourceVersionDate "2020.03.16"]
[WhiteTeam "Düsseldorfer SK 2"]
[BlackTeam "SF Essen-Werden 1"]

1. e4 c5 2. c3 d5 3. exd5 Qxd5 4. d4 Nc6 5. Nf3 Bg4 6. Be2 e6 7. O-O cxd4 8.
cxd4 Nf6 9. h3 Bh5 10. Nc3 Qa5 11. a3 Be7 12. Qb3 Qc7 13. Rd1 O-O 14. d5 exd5
15. Nxd5 Nxd5 16. Rxd5 Bg6 17. Qc4 Rfd8 18. Bf4 Bd6 19. Bxd6 Rxd6 20. Qf4 Rd7
21. Qxc7 Rxc7 22. Rad1 f6 23. Rc5 Re7 $11 24. Bc4+ Bf7 25. Bb5 Be8 26. b4 a6
27. Ba4 Kf8 28. Rd6 Ne5 29. Bd1 Bc6 30. Nxe5 Rxe5 31. Rxe5 fxe5 32. Bb3 Re8 33.
Kf1 Ke7 34. Re6+ Kd7 35. Rxe8 Kxe8 36. g3 Bf3 37. Ke1 Ke7 38. Kd2 Kd6 39. Ke3
Bg2 40. h4 Bc6 41. Bc2 h6 42. Bb3 b6 43. Bc4 a5 44. Kd3 axb4 45. axb4 Bf3 46.
Bf7 Bc6 47. Kc4 Ba4 48. Kd3 Bb5+ 49. Ke4 Ba4 50. Kd3 Bb5+ 51. Ke4 Ba4 52. Kd3
1/2-1/2

[Event "Düsseldorfer SK 2 - SF Essen-Werden 1"]
[Site "NRW-Liga - Gruppe 1 2021/2022"]
[Date "2022.03.13"]
[Round "7.5"]
[White "Claussen, Uwe"]
[Black "Zimmermann, Rolf"]
[Result "1-0"]
[WhiteElo "1973"]
[BlackElo "2100"]
[PlyCount "107"]
[EventDate "2022.??.??"]
[SourceVersionDate "2020.03.16"]
[WhiteTeam "SF Essen-Werden 1"]
[BlackTeam "Düsseldorfer SK 2"]

1. d4 d5 2. Nf3 Nf6 3. e3 Bg4 4. c4 Bxf3 5. gxf3 c6 6. Qb3 Qb6 7. Nc3 e6 8. Bd2
Nbd7 9. Qxb6 axb6 10. b3 Bb4 11. f4 Bxc3 12. Bxc3 Ne4 13. Bb2 f5 14. f3 Nef6
15. Bd3 Kf7 16. Kf2 g6 17. a4 Rhc8 18. Ra2 c5 19. Rha1 Ra7 20. Rc1 Raa8 21.
Rca1 Ra7 22. Ra3 Rca8 23. Be2 Rc8 24. a5 Rca8 25. axb6 Rxa3 26. Rxa3 Rxa3 27.
Bxa3 cxd4 28. c5 dxe3+ 29. Kxe3 Nb8 30. b4 Nfd7 31. Bb2 Ke7 32. Bb5 Kd8 33. Kd3
Kc8 34. Bd4 Nc6 35. Kc3 Nxd4 36. Kxd4 Nb8 37. Ba4 Nc6+ 38. Kc3 h6 39. b5 Nd8
40. Kd4 Nf7 41. h4 g5 42. fxg5 hxg5 43. hxg5 Nxg5 44. Bd1 Nf7 45. f4 Kd7 46.
Bh5 Nd8 47. Be2 Nf7 48. Bd1 Kc8 49. Ba4 Kb8 50. c6 Kc8 51. Kc5 e5 52. fxe5 Nxe5
53. Bc2 bxc6 54. bxc6 1-0

[Event "Düsseldorfer SK 2 - SF Essen-Werden 1"]
[Site "NRW-Liga - Gruppe 1 2021/2022"]
[Date "2022.03.13"]
[Round "7.6"]
[White "Heller, Harald"]
[Black "Rehfeldt, Jens"]
[Result "1/2-1/2"]
[WhiteElo "1960"]
[BlackElo "1977"]
[PlyCount "27"]
[EventDate "2022.??.??"]
[SourceVersionDate "2020.03.16"]
[WhiteTeam "Düsseldorfer SK 2"]
[BlackTeam "SF Essen-Werden 1"]

1. d4 d5 2. Nf3 Nc6 3. Bf4 Bg4 4. e3 e6 5. Be2 Nge7 6. O-O Ng6 7. Bg3 Bd6 8. c4
dxc4 9. Qa4 O-O 10. Nc3 Bxg3 11. hxg3 Qe7 12. Qxc4 Rfd8 13. Rfd1 Qb4 14. a3
1/2-1/2

[Event "Düsseldorfer SK 2 - SF Essen-Werden 1"]
[Site "NRW-Liga - Gruppe 1 2021/2022"]
[Date "2022.03.13"]
[Round "7.7"]
[White "Mohnke, Martin"]
[Black "Wiedenbruch, Paul"]
[Result "1/2-1/2"]
[WhiteElo "1915"]
[BlackElo "1882"]
[PlyCount "53"]
[EventDate "2022.??.??"]
[SourceVersionDate "2020.03.16"]
[WhiteTeam "SF Essen-Werden 1"]
[BlackTeam "Düsseldorfer SK 2"]

1. e4 c5 2. Nf3 d6 3. Bb5+ Nd7 4. a4 a6 5. Bc4 Ngf6 6. Nc3 b6 7. O-O Bb7 8. Re1
e6 9. d3 Be7 10. h3 O-O 11. Bb3 Qc7 12. Bf4 Bc6 13. Qd2 Qb7 14. Nd1 b5 15. a5
Rfd8 16. Ne3 Rac8 17. Qe2 c4 18. dxc4 Nxe4 19. Nd4 Ndc5 20. Nxc6 Qxc6 21. cxb5
axb5 22. Ba2 Na4 23. c3 Ra8 24. Nc2 d5 25. Nd4 Qb7 26. Bb1 Bc5 27. Bxe4 1/2-1/2

[Event "Düsseldorfer SK 2 - SF Essen-Werden 1"]
[Site "NRW-Liga - Gruppe 1 2021/2022"]
[Date "2022.03.13"]
[Round "7.8"]
[White "Piekorz, Roland"]
[Black "Mann, Gergely"]
[Result "1/2-1/2"]
[WhiteElo "1955"]
[BlackElo "1913"]
[PlyCount "96"]
[EventDate "2022.??.??"]
[SourceVersionDate "2020.03.16"]
[WhiteTeam "Düsseldorfer SK 2"]
[BlackTeam "SF Essen-Werden 1"]

1. c4 g6 2. Nc3 Bg7 3. g3 d6 4. Bg2 e5 5. d3 f5 6. e4 Ne7 7. Nge2 O-O 8. O-O
Nbc6 9. f4 exf4 10. Bxf4 fxe4 11. dxe4 Ne5 12. b3 Be6 13. Qd2 Qd7 14. Rae1 Rae8
15. Nd5 Bg4 16. Nd4 a6 17. Bg5 Nxd5 18. exd5 c5 19. dxc6 Nxc6 20. Rxf8+ Rxf8
21. Nxc6 bxc6 22. Re7 Qf5 23. Rxg7+ Kxg7 24. Bh6+ Kg8 25. Bxf8 Qxf8 26. Bxc6
Qf6 27. Bd5+ Kg7 28. Qf2 Qa1+ 29. Kg2 Bf5 30. h3 h5 31. Qa7+ Kh6 32. Qe3+ Kg7
33. Qe7+ Kh6 34. Qf8+ Kh7 35. Bg8+ Kh8 36. Be6+ Kh7 37. Bxf5 Qxa2+ 38. Kf1 Qa1+
39. Ke2 Qe5+ 40. Kf3 gxf5 41. Qf7+ Kh6 42. Qd5 Qxd5+ 43. cxd5 Kg6 44. b4 Kf6
45. Kf4 Kg6 46. Ke3 Kg5 47. Kf3 Kf6 48. Kf4 Kg6 1/2-1/2

[Event "Elberfelder SG 1 - SG Niederkassel 1"]
[Site "NRW-Liga - Gruppe 1 2021/2022"]
[Date "2022.03.13"]
[Round "7.1"]
[White "Wigger, Jochen"]
[Black "Odendahl, Reiner"]
[Result "1-0"]
[WhiteElo "2273"]
[BlackElo "2279"]
[PlyCount "56"]
[EventDate "2022.??.??"]
[SourceVersionDate "2020.03.16"]
[WhiteTeam "SG Niederkassel 1"]
[BlackTeam "Elberfelder SG 1"]

1. Nf3 g6 2. d4 Nf6 3. Bg5 Bg7 4. Nbd2 c5 5. e3 cxd4 6. exd4 b6 7. Bd3 Ba6 8.
Bxa6 Nxa6 9. Qe2 Nc7 10. O-O-O Ne6 11. Bxf6 Bxf6 12. Ne4 Bg7 13. h4 d5 14. Neg5
Nxg5 15. hxg5 Qd7 16. Rh4 h5 17. Ne5 Qa4 18. Rd3 O-O 19. g4 Rac8 20. c3 Qxa2
21. gxh5 Rc7 22. hxg6 fxg6 23. Nxg6 Rf7 24. f4 Bxd4 25. Kc2 Qc4 26. f5 Qa4+ 27.
Kb1 Rxc3 28. Rdxd4 Qb3 1-0

[Event "Elberfelder SG 1 - SG Niederkassel 1"]
[Site "NRW-Liga - Gruppe 1 2021/2022"]
[Date "2022.03.13"]
[Round "7.2"]
[White "Hintze, Helge"]
[Black "Rybarczyk, Klaus"]
[Result "1/2-1/2"]
[WhiteElo "2259"]
[BlackElo "2196"]
[PlyCount "63"]
[EventDate "2022.??.??"]
[SourceVersionDate "2020.03.16"]
[WhiteTeam "Elberfelder SG 1"]
[BlackTeam "SG Niederkassel 1"]

1. c4 Nf6 2. Nf3 g6 3. Nc3 Bg7 4. e4 d6 5. d4 O-O 6. Be2 e5 7. d5 a5 8. Bg5 h6
9. Bh4 Na6 10. Nd2 Bd7 11. b3 Qe8 12. a3 Nxe4 13. Ndxe4 f5 14. f3 fxe4 15. Nxe4
Nc5 16. Bd3 Nxd3+ 17. Qxd3 g5 18. Bg3 Bf5 19. O-O Qg6 20. Rae1 b6 21. Qe3 g4
22. fxg4 Qxg4 23. h3 Qg6 24. Rf3 Rf7 25. Bh4 Kh8 26. Ng3 Bc2 27. Rxf7 Qxf7 28.
Ne4 Qg6 29. Re2 Bb1 30. Re1 Bc2 31. Re2 Bb1 32. Re1 1/2-1/2